000 00440nam a2200133Ia 4500
008 200924s9999 xx 000 0 und d
020 _a978-621-8070-42-4
100 _aCabigan, Ma. Victoria A.
245 _cMa. Victoria A. Cabigan, Mary Jane D. Fuentes, Ernesto Thaddeus Solmerano
_aRe-reading Rizal/
260 _aManila:
_bFastbooks
_c2019
300 _axx, 444 pages
_c25 cm.
650 _aPhilippines
650 _aRizal, Jose, 1861-1896
999 _c364465
_d364465